| 000 | 00830nam a22002895a 4500 | ||
|---|---|---|---|
| 001 | 17169440 | ||
| 003 | LC | ||
| 005 | 20170223145249.0 | ||
| 008 | 120217s2012 cau 000 0 eng | ||
| 010 | _a 2012933571 | ||
| 020 | _a9781446295229 | ||
| 040 |
_aDLC _cDLC |
||
| 042 | _apcc | ||
| 050 | _aLB 1576 M493 2014 | ||
| 100 | 1 | _aMedwell, Jane. | |
| 245 | 1 | 0 |
_aPrimary english teaching theory and practice / _cJane Medwell, David Wray, Hilary Minns. |
| 250 | _a6th ed. | ||
| 260 |
_aThousand Oaks, CA : _bSage Publications, _c2014. |
||
| 263 | _a1205 | ||
| 300 | _ap. cm. | ||
| 650 |
_aEnglish language _xstudy and teaching (elementary) |
||
| 700 | _aCoates, Elizabeth | ||
| 700 | _aGriffiths, Vivienne | ||
| 906 |
_a0 _bibc _corignew _d2 _eepcn _f20 _gy-gencatlg |
||
| 942 |
_2lcc _cBK |
||
| 999 |
_c314096 _d314096 |
||